zpět

Detail výsledku týmu

U Lucerny ČT, Brno

Datum a čas kvízu

32 Celkem bodů Celkový počet nahraných bodů na tomto kvízu bez doplňovacích otázek.
4. Pořadí na kvízu Konečné umístění týmu na tomto kvízu.

Zaznamenané odpovědi

# Otázka Odpověď Body Výsledky
1. Sociální sítě zaplavily vtípky... Emma Smetana 1
2. O víkendu došlo k teroristický... na Srí Lance 1
3. Letošní 32. ročník filmového f... Zlatý ledňáček 0
4. Známé francouzské herní studio... Ubisoft 1
5. Pětileté čekání je u konce. Ho... 4 góly 1
6. V pondělí v podvečer zachvátil... svatý Ludvík (Louis) 0
7. Jeruzalémský Chrám, dle Bible... Šalamoun (též Šalomoun) 1
8. Město, ke kterému odkazuje tat... Drážďany 1
9. Stavba Národního divadla v Pra... František Josef I. 1
10. Tento mrakodrap najdeme na mís... Freedom Tower (Věž svobody) 0